Spon's estimating costs guide to minor works refurbishment and repairs to fire, flood, gale and theft damage (Record no. 103288)

MARC details
000 -LEADER
fixed length control field 01338cam a2200301 4500
008 - FIXED-LENGTH DATA ELEMENTS--GENERAL INFORMATION
fixed length control field 040112n2003 000 0 eng u
020 ## - INTERNATIONAL STANDARD BOOK NUMBER
International Standard Book Number 0415318548
035 ## - SYSTEM CONTROL NUMBER
System control number (Sirsi) u124828
041 ## - LANGUAGE CODE
Language code of text/sound track or separate title eng
050 ## - LIBRARY OF CONGRESS CALL NUMBER
Classification number 692.5
-- 18
100 ## - MAIN ENTRY--PERSONAL NAME
Personal name Spain, Bryan
245 ## - TITLE STATEMENT
Title Spon's estimating costs guide to minor works refurbishment and repairs to fire, flood, gale and theft damage
250 ## - EDITION STATEMENT
Edition statement 2nd ed.
260 ## - PUBLICATION, DISTRIBUTION, ETC.
Place of publication, distribution, etc. London
Name of publisher, distributor, etc. Spons
Date of publication, distribution, etc. 2003
300 ## - PHYSICAL DESCRIPTION
Extent xvii, 295p.
Dimensions 22cm
350 ## - PRICE (NR) (BK AM CF MU VM SE) [OBSOLETE]
Price 27.99
520 ## - SUMMARY, ETC.
Summary, etc. Aimed at contractors, quantity surveyors and clients carrying out small works. Contains cost information and rates broken down into labour, material overheads and profit. Advises on repairs to fire, flood and storm damage. Also includes professional advice on setting up and running a business, topics including taxation, book-keeping, VAT and Construction Industry Scheme registration cards and legal obligations.
520 ## - SUMMARY, ETC.
Summary, etc. Superseded by third edition (ISBN 0415382130)
650 ## - SUBJECT ADDED ENTRY--TOPICAL TERM
Topical term or geographic name entry element BUILDING PRICE BOOKS
650 ## - SUBJECT ADDED ENTRY--TOPICAL TERM
Topical term or geographic name entry element MINOR WORKS
650 ## - SUBJECT ADDED ENTRY--TOPICAL TERM
Topical term or geographic name entry element BUILT ENVIRONMENT-BUILDING MAINTENANCE AND REFURBISHMENT
650 ## - SUBJECT ADDED ENTRY--TOPICAL TERM
Topical term or geographic name entry element BUILT ENVIRONMENT-BUILDING COSTS
650 ## - SUBJECT ADDED ENTRY--TOPICAL TERM
Topical term or geographic name entry element ALTERATIONS
650 ## - SUBJECT ADDED ENTRY--TOPICAL TERM
Topical term or geographic name entry element CONSTRUCTION INDUSTRY SCHEME
650 ## - SUBJECT ADDED ENTRY--TOPICAL TERM
Topical term or geographic name entry element CIS CERTIFICATES
690 ## - LOCAL SUBJECT ADDED ENTRY--TOPICAL TERM (OCLC, RLIN)
Topical term or geographic name as entry element BUILT ENVIRONMENT-BUILDING COSTS
942 ## - ADDED ENTRY ELEMENTS (KOHA)
Suppress in OPAC 0
Holdings
Withdrawn status Lost status Source of classification or shelving scheme Damaged status Not for loan Home library Current library Shelving location Date acquired Cost, normal purchase price Total Checkouts Full call number Barcode Date last seen Date last checked out Copy number Cost, replacement price Price effective from Koha item type
    Dewey Decimal Classification     London London Basement 03/02/2004 27.99 16 BASEMENT 30069000 06/08/2019 02/06/2006 1 27.99 06/08/2019 Book